| 000 | 00880cam a22002535a 4500 | ||
|---|---|---|---|
| 008 | 100913t1995 g |||| 0|0 0 eng d | ||
| 010 | _a 95961149 | ||
| 020 | _a9774243641 | ||
| 035 | _a(OCoLC)34494109 | ||
| 035 | _aBBR3123 | ||
| 040 |
_aEG-ScBUE _beng _cEG-ScBUE |
||
| 082 | 0 | 4 |
_a354.62 _bSTA _222 |
| 245 | 0 | 4 |
_aThe State and Its Servants : _bAdministration in Egypt from Ottoman Times to the Present / _cEdited by Nelly Hanna. |
| 260 |
_aCairo, : _bAmerican University in Cairo Press, _cc1995. |
||
| 300 |
_a128 p. ; _c24 cm. |
||
| 504 | _aIncludes bibliographical references . | ||
| 590 | _amustafa galal. | ||
| 650 | 0 |
_aBureaucracy _zEgypt _xHistory. _918810 _2BUEsh |
|
| 651 | 0 |
_aEgypt _xPolitics and government. _918811 _2BUEsh |
|
| 653 |
_bBUSBOL _cAugust2015 |
||
| 655 |
_vreading book _934232 |
||
| 700 | 1 |
_aHanna, Nelly. _918812 _teditor. |
|
| 942 |
_cBB _k354.62STA _2ddc |
||
| 999 |
_c2950 _d2950 |
||